00446nam a22001697a 450000500170000000800410001702000200005808200200007810000100009824500300010826000550013830000300019365000100022365000130023365000140024665000160026020250217004306.0250217b |||||||| |||| 00| 0 eng d a0098955X (ISSN) 2657a305.4bQUE aQuest aWomen in Their Communites aWashingtonbQuest: A Feminist Quarterly Inc.c1978 a96 p., (Volume IV, No. 4) aWomen aFeminism aCommunity aRural Women